• 首页
  • 本馆介绍
  • 公告通知
  • 最新文献
  • 馆藏检索
  • 电子资源
  • 读者导购
  • 参考咨询
  • 我的图书馆
  • 登录
  • 详细信息显示
  • 放入我的书架
  • 预约/预借图书
  • 作者相关作品
  • 分类相关作品
  • 丛书相关作品
  • 出版社相关作品

书目信息

  • 表格格式
  • 工作单格式
  • 卡片格式
题名:
道路绿化和美化工程
    
 
作者: 孙丙湘 编著
分册:  
出版信息: 北京   人民交通出版社  1983
页数: 80页
开本: 19cm
丛书名:
单 册:
中图分类: TU985.18 , S731.8
科图分类:
主题词: 道路工程-绿化 , 绿化-道路工程 , 绿化
电子资源:
ISBN:
000 00720nam0 2200277 45
001 0183005167
005 20040521103129.9
010    @dCNY0.44
091    @a15044.1779
100    @a19950523d1983 em y0chiy0121 ea
101 0  @achi
102    @aCN@b110000
105    @ay z 000yy
106    @ar
200 10 @a道路绿化和美化工程@Adao lu lv hua he mei hua gong cheng@f孙丙湘编著
210    @a北京@c人民交通出版社@d1983
215    @a80页@d19cm
606    @a道路工程-绿化
606    @a绿化-道路工程
606 0  @a绿化
690    @aTU985.18@v3
690    @aS731.8
701  0 @a孙丙湘@Asun bing xiang@4编著
801  0 @aCN@b上海图书馆@c20040521
801  2 @aCN@bNLC@c20040521
905    @f1@b159038@dS731.8@e9
    
    道路绿化和美化工程/孙丙湘编著.-北京:人民交通出版社,1983
    80页;19cm
    
    
    ISBN :CNY0.44
    
●
相关链接 在E读中查询图书 在五车中查询图书 在当当中查询图书 在豆瓣中查询图书


正题名:道路绿化和美化工程     索取号:S731.8/9         预约/预借

序号 登录号 条形码 馆藏地/架位号 状态 备注
1 0159038   000718502   密集书库/ [索取号:S731.8/9] 在馆    
2 0159039   000718539   第二样本阅览室/ [索取号:S731.8/9] 在馆    
唐山师范学院图书馆 欢迎您!
大连网信软件有限公司© 版权所有